000 00620nas a2200217 i 4500
001 256
003 ES-MaACL
005 20250806085351.0
007 t|
008 950801c1920 xxu | | 1 ||ng d
245 0 0 _aArchives of surgery.
260 _aChicago :
_bAmerican Medical Association,
_c1920-
300 _a32 v. :
_bgrab. ;
_c27 cm.
310 _aMensual
362 1 _aVol. 1, no. 1 (July 1920)-
650 1 7 _aCirugĂ­a
_2embne
_911050
710 2 _aAmerican Medical Association.
_91367
852 _aES-MaACL
_jHem-956
866 0 _o(1946)1947-58(1959f.ene.y mar.)1960-67.
999 _c256
_d256